OPAC Home

86 ෂේන් (Record no. 10250)

MARC details
000 -LEADER
fixed length control field 00413nam a2200169Ia 4500
008 - FIXED-LENGTH DATA ELEMENTS--GENERAL INFORMATION
fixed length control field 180921t2014 xxu||||| |||| 00| 0 sin d
041 ## - LANGUAGE CODE
Language code of text/sound track or separate title Sinhala; Sinhalese
080 ## - UNIVERSAL DECIMAL CLASSIFICATION NUMBER
Universal Decimal Classification number X8C3
Item number (Youth) WAN
942 ## - ADDED ENTRY ELEMENTS (KOHA)
Koha item type Books
003 - CONTROL NUMBER IDENTIFIER
control field LK-CoDNM
040 ## - CATALOGING SOURCE
Original cataloging agency LK-CoDNM
Modifying agency LK-CoDNM
Description conventions LK-CoDNM
100 ## - MAIN ENTRY--PERSONAL NAME
Personal name Wanniarachchi, Buwaneka
245 ## - TITLE STATEMENT
Title 86 ෂේන්
246 ## - VARYING FORM OF TITLE
Title proper/short title 86 Shen
260 ## - PUBLICATION, DISTRIBUTION, ETC. (IMPRINT)
Name of publisher, distributor, etc. Sandeshaya
Place of publication, distribution, etc. Nugegoda
Date of publication, distribution, etc. 2014
300 ## - PHYSICAL DESCRIPTION
Extent 200p, 21cm
Holdings
Withdrawn status Lost status Damaged status Not for loan Collection code Permanent Location Current Location Date acquired Full call number Barcode Koha item type
        Translation Library National Museum Colombo - Sri Lanka Library National Museum Colombo - Sri Lanka 2016-12-22 X8C3 (Youth) WAN 161952 Books
Copyright © 2023 Department of National Museum, Colombo 07, Sri Lanka Funded by UNESCO IFAP UNESCO